• 首页
  • 本馆介绍
  • 公告通知
  • 最新文献
  • 馆藏检索
  • 电子资源
  • 读者导购
  • 参考咨询
  • 我的图书馆
  • 登录
  • 详细信息显示
  • 放入我的书架
  • 预约/预借图书
  • 作者相关作品
  • 分类相关作品
  • 丛书相关作品
  • 出版社相关作品

书目信息

  • 表格格式
  • 工作单格式
  • 卡片格式
题名:
电脑字型艺术
    
 
作者: 佳易 编著
分册:  
出版信息: 哈尔滨   黑龙江美术出版社  1997.3
页数: 181页
开本: 26cm
丛书名:
单 册:
中图分类: J2-39
科图分类:
主题词: 绘画
电子资源:
ISBN: 7-5318-0395-X
000 00488nam0 2200193 45
001 0003071095
005 20040513145213.0
010    @a7-5318-0395-X@dCNY128.00
100    @a20000307d1997 km y0chiy0120 ea
101    @achi
105    @a z 000yy
200 1  @a电脑字型艺术@f佳易,夏为编著
210    @a哈尔滨@c黑龙江美术出版社@d1997.3
215    @a181页@d26cm
606 0  @a绘画
690    @aJ2-39@v1
701    @a佳易@4编著
801    @aCN@bTSTC@c20000307
905    @dJ2-39@e10@f1@b285615
    
    电脑字型艺术/佳易,夏为编著.-哈尔滨:黑龙江美术出版社,1997.3
    181页;26cm
    
    
    ISBN 7-5318-0395-X:CNY128.00
    
●
相关链接 在E读中查询图书 在五车中查询图书 在当当中查询图书 在豆瓣中查询图书


正题名:电脑字型艺术     索取号:J2-39/10         预约/预借

序号 登录号 条形码 馆藏地/架位号 状态 备注
1 0285615   002856154   第一借阅区/ [索取号:J2-39/10] 在馆    
2 0285616   002856163   第一借阅区/ [索取号:J2-39/10] 在馆    
3 0285617   002856172   第一样本阅览室/ [索取号:J2-39/10] 在馆    
唐山师范学院图书馆 欢迎您!
大连网信软件有限公司© 版权所有